000 00577nam a2200193Ia 4500
005 20250508165717.0
008 008 250505s9999 xx 000 0 hin d
037 _aTheses
040 _aFEDL
_beng
_cFEDL
041 _ahin
_2eng
084 _a370.15, SHR/TH
_qFEDL
100 _aShrivastava Chandan
_9779588
245 0 _aGrameen adhyapakon ki vrattik asmita ke manosamajik pahluon ka adhyayan
260 _c2015
300 _a193p.
546 _aPH.D Thesis (Delhi University); C D Included
942 _cTH
_h370.15, SHR/TH
999 _c1396919
_d1396919